Normal view
MARC view
- Supervisor: Dr. Faheem Amin
Entry Personal Name
001 - CONTROL NUMBER
- control field: 133422
003 - CONTROL NUMBER IDENTIFIER
- control field: NUST
005 - DATE AND TIME OF LATEST TRANSACTION
- control field: 20260224112603.0
008 - FIXED-LENGTH DATA ELEMENTS
- fixed length control field: 260224|| aca||aabn | a|a d
040 ## - CATALOGING SOURCE
- Original cataloging agency: NUST
- Transcribing agency: NUST
100 ## - HEADING--PERSONAL NAME
- Personal name: Supervisor: Dr. Faheem Amin
670 ## - SOURCE DATA FOUND
- Source citation: Work cat.: (NUST): Yasir Iqbal, 133421, Development of Multifunctional Polymer-Metallic Nanomaterials as Targeted Drug Carrier for Breast Cancer Treatment/
